000 00892nam a2200253Ia 4500
003 OSt
005 20220923211448.0
006 a|||||r|||| 00| 0
007 ta
008 Pun
020 _a9789350683613 (hbk)
_c150
024 _a289,182
037 _b1027, 18/03/2016, H.K. Prakashan
_cTextual
040 _aARTS
_cARTS
_bPun
041 _2Pun
_aPun
082 _aV2:51y7N07, 153Q3
100 _aਸਿੰਘ, ਰਾਜਿੰਦਰ ਪਾਲ, ੳਗ.
245 0 _aFਹੀਦ ਏ ਆਗ਼ਮ ਭਗਤ ਸਿੰਘ ਦੀ ਜੇਲ੍ਹ ਨੋਟ ਬੁੱਕ
260 _aਚੰਡੀਗੜ
_b ਨਵਯੁਗ
_c2014
300 _a144ਪੰ
_ccm.
650 _aਭਾਰਤੀਯ ਇਤਿਹਾਸ
942 _hV2:51y7N07, 153Q3
_cTEXL
_2CC
999 _c299769
_d299769